000 00962cam a22003253a 4500
001 2481
003 PGUSA
005 20140828083015.0
008 010101s2001||||xxu|||||s|||||000 | eng d
040 _aPGUSA
_beng
042 _adc
050 4 _aLC
100 1 _aNadin, Mihai,
_d1938-
245 1 4 _aThe Civilization of Illiteracy
_h[electronic resource] /
_cMihai Nadin
260 _bProject Gutenberg,
_c2001
500 _aCopyright 1997
506 _aCopyrighted. Read the copyright notice inside this book for details.
516 _aElectronic text
653 _aInformation society
653 _aSociolinguistics
653 _aOral history
653 _aSocial history
653 _aLiteracy -- Social aspects
653 _aTechnology -- Social aspects
653 _aTechnology and civilization
653 _aComputers and literacy
830 0 _aProject Gutenberg
_v2481
856 4 0 _uhttp://www.gutenberg.org/ebooks/2481
942 _cEB
999 _c231818
_d231818